Quel est le grade de ce personnage de fiction ? - Statistiques

Statistiques générales
  • Ce quiz a été pris 60 fois
  • Le résultat moyen est 13 sur 45
Statistiques - réponses
Hint Extra Hint Réponse % Correct
Haddock Tintin Capitaine
89%
Crochet Disney Capitaine
89%
Garcia Zorro Sergent
83%
Némo Verne Capitaine
81%
Flam Dessin animé Capitaine
70%
Moutarde Cluedo Colonel
68%
Fracasse Gautier Capitaine
53%
Alcazar Tintin Général
51%
Colombo Série Lieutenant
51%
Chabert Balzac Colonel
49%
Marleau Série Capitaine
47%
Igloo Publicité Capitaine
47%
Sponsz Tintin Colonel
40%
Conan Tavernier Capitaine
36%
Tapioca Tintin Général
36%
Blutch Tuniques bleues Caporal
34%
Dourakine Ségur Général
32%
Chesterfield Tunique Bleues Sergent
28%
Pepper Beatles Sergent
26%
Blake Blake & Mortimer Capitaine
25%
Rivière Femme d'honneur Adjudant
21%
Olrik Blake & Mortimer Colonel
21%
Gerber Gendarmes Adjudant
17%
Hastings Christie Capitaine
17%
Cruchot Gendarmes Maréchal-des-logis chef
17%
Dumont 7e compagnie Capitaine
15%
Blueberry BD Lieutenant
15%
Chaudard 7e compagnie Sergent-chef
13%
Caron Honneur Capitaine
11%
Candice Renoir Série Commandant
11%
Torrens 317e section Lieutenant
11%
Elias Platoon Sergent
11%
Sylvestre Guignols Commandant
9%
Gibon Visiteurs Maréchal-des-logis
9%
Willsdorf 317e section Adjudant
8%
Saganne Corneau Lieutenant
8%
Pontcarral Cahuet Colonel
6%
Willsdorf Crabe Lieutenant de vaisseau
6%
Thompson Daninos Major
6%
Barnes Platoon Sergent-chef
6%
Florent Série (au début) Adjudant-chef
4%
Von Ryan Robson Colonel
4%
Peter Mitchell Scott Lieutenant
4%
Blanchet 7e compagnie Colonel
2%
Cooper Bande Dessinée Major
2%
Aucun quiz correspondant
Distribution des résultats
% des personnes avec chaque résultat
Percentile par nombre de réponses
Votre historique - résultats
Vous n’avez pas pris ce quiz